00716naa#a2200157#i#4500001001500000005001700015100004100032102000700073200008000080210013700160215001000297608003700307675017600344700002000520856001800540EN\\bibl\2019520260701171507.3##a20260630b2026####ek#y0engy0150####ca##aRU1#aSECURITY OF PERSONAL DATA IN MOBILE APPLICATIONSeConference article/thesis1#aVoronezhcFSBE Institution of Higher Education Voronezh State University of Forestry and Technologies named after G.F. Morozovd2026##a6 с.##aConference article/thesis2local##aИнформационные технологии. Компьютерные технологии. Теория вычислительных машин и систем. 004#1aKravtsovgV. S.4#abibl.vgltu.ru